Poesías completas (Record no. 845)

MARC details
000 -LEADER
campo de control de longitud fija 00784nmc a2200289 a 4500
003 - IDENTIFICADOR DE NÚMERO DE CONTROL
campo de control AR-BaBNM
005 - FECHA Y HORA DE LA ÚLTIMA TRANSACCIÓN
campo de control 20251128202837.0
008 - DATOS DE LONGITUD FIJA--INFORMACIÓN GENERAL
campo de control de longitud fija 156019s1953 ||||||||||||||000 | spa||
040 ## - FUENTE DE CATALOGACIÓN
Centro/agencia transcriptor AR-BaBNM
100 0# - ENTRADA PRINCIPAL--NOMBRE DE PERSONA
Nombre de persona Almafuerte
Fechas asociadas al nombre 1854-1917
245 10 - MENCIÓN DEL TÍTULO
Título Poesías completas
Número de parte o sección de la obra 1
260 ## - PUBLICACIÓN, DISTRIBUCIÓN, ETC.
Lugar de publicación, distribución, etc. Buenos Aires
Nombre del editor, distribuidor, etc. Jackson
Fecha de publicación, distribución, etc. 1953
300 1# - DESCRIPCIÓN FÍSICA
Extensión xxi, 234 p.
490 #0 - MENCIÓN DE SERIE
Mención de serie Grandes Escritores Argentinos
Designación de volumen o secuencia v. 42
500 0# - NOTA GENERAL
Nota general Contiene biografía del autor
500 0# - NOTA GENERAL
Nota general Almafuerte seudónimo de Pedro B. Palacios
650 #4 - PUNTO DE ACCESO ADICIONAL DE MATERIA--TÉRMINO DE MATERIA
Término de materia o nombre geográfico como elemento de entrada LITERATURA ARGENTINA
650 #4 - PUNTO DE ACCESO ADICIONAL DE MATERIA--TÉRMINO DE MATERIA
Término de materia o nombre geográfico como elemento de entrada POESIA
650 #4 - PUNTO DE ACCESO ADICIONAL DE MATERIA--TÉRMINO DE MATERIA
Término de materia o nombre geográfico como elemento de entrada RELIGION
653 #0 - TÉRMINO DE INDIZACIÓN--NO CONTROLADO
Término no controlado MODERNISMO
653 #0 - TÉRMINO DE INDIZACIÓN--NO CONTROLADO
Término no controlado POESIA LIRICA
655 ## - TERMINO DE INDIZACIÓN--GENERO/FORMA
Datos o término principal de género/forma LITERATURA
700 1# - ENTRADA AGREGADA--NOMBRE PERSONAL
Nombre de persona Torcelli, Pedro B.
Término indicativo de función/relación compilador
800 1# - PUNTO DE ACCESO ADICIONAL DE SERIE--NOMBRE DE PERSONA
Nombre de persona Palcos, Alberto
Término indicativo de función/relación director
942 ## - ELEMENTOS DE ENTRADA SECUNDARIOS (KOHA)
Tipo de ítem Koha Libros
998 ## - INFORMACIÓN DE CONTROL LOCAL (RLIN)
Iniciales del catalogador, CIN (RLIN) isola
Holdings
Estatus retirado Estado de pérdida Fuente de la clasificación o esquema de estantería Estado de daño Restricciones de uso No para préstamo Biblioteca de origen Biblioteca actual Fecha de adquisición Total de préstamos Signatura topográfica completa Código de barras Visto por última vez Precio de reemplazo Tipo de ítem Koha
    Clasificación Decimal Dewey   Acceso restringido No para préstamo Liberty Liberty 28/11/2025   860[82] C-GEA 42 042260 28/11/2025 28/11/2025 Libros